| 000 | 00471nam a2200169 i 4500 | ||
|---|---|---|---|
| 001 | 78019 | ||
| 003 | ES-MaACL | ||
| 005 | 20230906173510.0 | ||
| 007 | t| | ||
| 008 | 041008s1957 sp ||||1| spa d | ||
| 100 | 1 |
_aHamsun, Knut. _961705 |
|
| 245 | 1 | 0 |
_aHambre / _cKnut Hamsun ; [traducido por José Viana]. |
| 260 |
_aBarcelona : _bAHR, _c[1957] ( _fAmpurias) |
||
| 300 |
_a256 p. ; _c19 cm. |
||
| 700 | 1 |
_aViana, José. _9114282 |
|
| 852 |
_aES-MaACL _jC-13928 _bR.41874 |
||
| 999 |
_c78019 _d78019 |
||